| 000 | 00926nam a2200301 i 4500 | ||
|---|---|---|---|
| 001 | 33607 | ||
| 003 | BD-RjUL | ||
| 005 | 20211209052032.0 | ||
| 008 | 140510s1981 nju b 001 0 eng | ||
| 020 | _a0132941325 | ||
| 020 | _a0132941244 (pbk.) | ||
| 035 | _a(BD-RjUL)33698 | ||
| 040 |
_aDLC _cDLC _dDLC _dBD-RjUL _beng |
||
| 041 | _aeng | ||
| 082 | 0 | 0 |
_a658.4092 _219 _bTRE 1981 |
| 100 | 1 |
_aTramel, Mary E. _9102008 |
|
| 245 | 1 | 0 |
_aExecutive leadership : _bhow to get it & make it work / _cMary E. Tramel, Helen Reynolds. |
| 260 |
_aEnglewood Cliffs, N.J. : _bPrentice-Hall, _cc1981. |
||
| 300 |
_aiv, 268 p. ; _c24 cm. |
||
| 490 | 0 | _aA Spectrum book | |
| 504 | _aIncludes bibliographical references & Index. | ||
| 650 | 0 |
_aExecutives. _9102009 |
|
| 650 | 0 |
_aLeadership. _9102010 |
|
| 700 | 1 |
_aReynolds, Helen, _d1919- _ejoint author. _9102011 |
|
| 942 |
_2ddc _cBK |
||
| 999 |
_c33607 _d33607 |
||